Same Actor, Different Role III Quiz Stats

 Plays Quiz Updated Jun 7, 2018

Challenge
Share
Tweet
Score 0/20 Timer 06:00
4 Plays Today
% Correct
Tom Selleck (Thomas Magnum & Frank Reagan)
83.9%
Matt LeBlanc (Joey Tribbiani & 'Matt LeBlanc')
81.2%
John Lithgow (Dick Solomon & Winston Churchill)
75.8%
Alan Alda (Hawkeye Pierce & Arnold Vinick)
75.4%
Mindy Kaling (Kelly Kapoor & Mindy Lahiri)
69.7%
Seth MacFarlane (Peter Griffin & Ed Mercer)
62.5%
Lily Tomlin (Frankie Bergstein & Kay Carter-Shepley)
61.5%
Will Arnett (G.O.B. Bluth and Nathan Miller)
59.9%
Hank Azaria (Moe Szyslak & Jim Brockmire)
59.4%
Mayim Bialik (Blossom Russo and Amy Farrah Fowler )
54.2%
% Correct
Cloris Leachman (Phyllis Lindstrom & Barbara June Thompson)
53.5%
Julianna Margulies (Carol Hathaway and Alicia Florrick)
53.1%
Judd Hirsch (Alex Rieger & Arthur Przybyszewski)
51.5%
Jason Segel (Nick Andopolis & Marshall Eriksen)
51.1%
Katey Sagal (Peggy Bundy & Gemma Teller Morrow)
49.5%
David Tennant (The Doctor & Kilgrave)
48.1%
Jenna Fischer (Pam Halpert & Lena)
45.1%
Jane Krakowski (Jenna Maroney & Jacqueline White)
39.6%
Linda Lavin (Alice Hyatt & Judy Roberts)
29.4%
Niecy Nash (Denise Hemphill & Raineesha Williams)
23.5%

You're not logged in!

Compare scores with friends on all Sporcle quizzes.
Join for Free
OR
Log In

You Might Also Like...

Show Comments

Extras

Top Quizzes Today


Score Distribution

Your Account Isn't Verified!

In order to create a playlist on Sporcle, you need to verify the email address you used during registration. Go to your Sporcle Settings to finish the process.

Report this User

Report this user for behavior that violates our Community Guidelines.

Details: